• 首页
  • 本馆介绍
  • 公告通知
  • 最新文献
  • 馆藏检索
  • 电子资源
  • 读者导购
  • 参考咨询
  • 我的图书馆
  • 登录
  • 详细信息显示
  • 放入我的书架
  • 预约/预借图书
  • 作者相关作品
  • 分类相关作品
  • 丛书相关作品
  • 出版社相关作品

书目信息

  • 表格格式
  • 工作单格式
  • 卡片格式
题名:
计算机文化
    
 
作者: 帕森斯, , 奥贾, 著 ;吕云翔 , 傅尔也 译
分册:  
出版信息: 北京   机械工业出版社  2016.11
页数: 521页
开本: 26cm
丛书名: 计算机科学丛书
单 册:
中图分类: TP3 , TP3-05
科图分类:
主题词: 电子计算机--高等学校--教材
电子资源:
ISBN: 978-7-111-46540-9
000 01214nam 2200313 450
001 0400002516
005 20171021104614.0
010    @a978-7-111-46540-9@dCNY79.00
100    @a20140918d2016 em y0chiy0110 ea
101 1  @achi@ceng
102    @aCN@b110000
105    @aa z 000yy
106    @ar
200 1  @a计算机文化@9ji suan ji wen hua@d= New perspectives on computer concepts@e原书第15版@f(美) 帕森斯, (美) 奥亚著@g吕云翔, 傅尔也译
210    @a北京@c机械工业出版社@d2016.11
215    @a521页@c图@d26cm
225 2  @a计算机科学丛书
330    @a本书分别介绍了计算机和数字基础知识、计算机硬件、计算机软件、操作系统和文件管理、局域网和无线局域网、因特网、Web和电子邮件、数字媒体、计算机产业、信息系统分析与设计、数据库以及计算机编程等内容。
410  0 @12001 @a计算机科学丛书
510 1  @aNew perspectives on computer concepts@zeng
606 0  @a电子计算机@x高等学校@j教材
690    @aTP3@v5
690    @aTP3-05@v5
701  1 @c(美)@a帕森斯,@9pa sen si@bJ.J. @g(Parsons, June Jamrich)@4著
701  1 @c(美)@a奥贾,@9ao jia@bD.@g(Oja, Dan)@4著
702  0 @a吕云翔@9lv yun xiang@4译
702  0 @a傅尔也@9fu er ye@4译
801  0 @aCN@b91MARC@c20171021
905    @b1032320-4@dTP3@f5@e742
    
    计算机文化= New perspectives on computer concepts:原书第15版/(美) 帕森斯, (美) 奥亚著/吕云翔, 傅尔也译.-北京:机械工业出版社,2016.11
    521页:图;26cm.-(计算机科学丛书)
    
    
    ISBN 978-7-111-46540-9:CNY79.00
    本书分别介绍了计算机和数字基础知识、计算机硬件、计算机软件、操作系统和文件管理、局域网和无线局域网、因特网、Web和电子邮件、数字媒体、计算机产业、信息系统分析与设计、数据库以及计算机编程等内容。
●
相关链接 在E读中查询图书 在五车中查询图书 在当当中查询图书 在豆瓣中查询图书


正题名:计算机文化     索取号:TP3/742         预约/预借

序号 登录号 条形码 馆藏地/架位号 状态 备注
1 1032320   210323201   第二样本阅览室/ [索取号:TP3/742] 在馆    
2 1032321   210323210   第三借阅区/ [索取号:TP3/742] 在馆    
3 1032322   210323229   第三借阅区/ [索取号:TP3/742] 在馆    
4 1032323   210323238   密集书库—计算机科学学院/ [索取号:TP3/742] 在馆    
5 1032324   210323247   第三借阅区/ [索取号:TP3/742] 在馆    
唐山师范学院图书馆 欢迎您!
大连网信软件有限公司© 版权所有